000 00529nam a2200169 i 4500
001 88037
003 ES-MaACL
005 20231227062549.0
007 t|
008 050103s1914 sp ||||1| spa d
100 1 _aLabra, Rafael M. de,
_d1840-1918
_969273
245 1 4 _aLas Cortes de Cádiz de 1810-1813
_b: América y la Constitución Española de 1912 /
_cRafael Mª de Labra.
260 _aMadrid :
_bSindicato de Publicidad,
_c1914.
300 _a205 p. ;
_c22 cm.
852 _aES-MaACL
_jF-4019
999 _c88037
_d88037